Bellini / (Record no. 64982)
[ view plain ]
| 000 -LEADER | |
|---|---|
| campo de control de longitud fija | 00581nam a2200181 i 4500 |
| 001 - NÚMERO DE CONTROL | |
| campo de control | 64982 |
| 003 - IDENTIFICADOR DE NÚMERO DE CONTROL | |
| campo de control | ES-MaACL |
| 005 - FECHA Y HORA DE LA ÚLTIMA TRANSACCIÓN | |
| campo de control | 20230906165255.0 |
| 007 - CAMPO FIJO DE DESCRIPCIÓN FÍSICA--INFORMACIÓN GENERAL | |
| campo de control de longitud fija | t| |
| 008 - DATOS DE LONGITUD FIJA--INFORMACIÓN GENERAL | |
| campo de control de longitud fija | 040107s1953 sp ||||1| spa d |
| 100 1# - ENTRADA PRINCIPAL--NOMBRE DE PERSONA | |
| Nombre de persona | Fraccaroli, Arnaldo. |
| 9 (RLIN) | 52053 |
| 245 10 - MENCIÓN DEL TÍTULO | |
| Título | Bellini / |
| Mención de responsabilidad, etc. | Arnaldo Fraccaroli ; [versión española de Concepción de Bofarull]. |
| 250 ## - MENCION DE EDICION | |
| Mención de edición | [1ª ed.]. |
| 260 ## - PUBLICACIÓN, DISTRIBUCIÓN, ETC. | |
| Lugar de publicación, distribución, etc. | Barcelona : |
| Nombre del editor, distribuidor, etc. | Luis de Caralt, |
| Fecha de publicación, distribución, etc. | [1953] ( |
| Fabricante | Casa Provincial de Caridad) |
| 300 ## - DESCRIPCIÓN FÍSICA | |
| Extensión | 363 p., 5 lám. ; |
| Dimensiones | 21 cm. |
| 700 1# - ENTRADA AGREGADA--NOMBRE PERSONAL | |
| Nombre de persona | Bofarull, Concepción de. |
| 9 (RLIN) | 29763 |
| 852 ## - LOCALIZACIÓN | |
| Ubicación | ES-MaACL |
| Número de control de estantería | C-5826 |
| Sublocalización o colección | R.35283 |
| Estatus retirado | Estado de pérdida | Estado de daño | No para préstamo | Biblioteca de origen | Biblioteca actual | Ubicación en estantería | Fecha de adquisición | Fuente de adquisición | Total de préstamos | Signatura topográfica completa | Código de barras | Visto por última vez | Precio de reemplazo | Tipo de ítem Koha |
|---|---|---|---|---|---|---|---|---|---|---|---|---|---|---|
| Biblioteca del Ateneo de Madrid | Biblioteca del Ateneo de Madrid | Sala Palomar | 17/01/2008 | C-5826 | 1068085 | 23/02/2023 | 23/02/2023 | Libro impreso |
